000 01388cam a2200133 4500500
005 20251214002024.0
041 _afre
042 _adc
100 1 0 _aHourcade, Bernard
_eauthor
245 0 0 _aGéopolitique de l'Iran - 2e éd. : Les défis d'une renaissance
260 _bArmand Colin,
_c2016.
520 _aAccord historique sur le programme nucléaire en 2015, levée des sanctions économiques internationales en 2016… l’Iran revient sur la scène internationale et affronte une nouvelle page de son histoire. Après des décennies d’enfermement, de drames et de résistance, la République islamique d’Iran, et surtout les Iraniens, doivent désormais relever des défis immenses : ceux d’une renaissance. Défi intérieur : comment répondre aux aspirations de changement de la population tout en maintenant la stabilité et l’indépendance de l’État ? Défi régional : comment faire face à l’émergence des monarchies pétrolières et des réseaux djihadistes, dans un climat de tension croissante avec l’Arabie saoudite ? Défi global : comment devenir un acteur respecté de la vie politique, économique, scientifique et culturelle mondiale ? Une analyse fine de la géopolitique iranienne, à contre-courant des idées reçues.
856 4 1 _uhttps://shs.cairn.info/geopolitique-de-l-iran--9782200613440?lang=fr&redirect-ssocas=7080
999 _c1566691
_d1566691